| 000 | 00908cam a2200265 a 4500 | ||
|---|---|---|---|
| 001 | 000015565 | ||
| 005 | 20240509120303.0 | ||
| 008 | 840402s1970 ve 001 0 spa | ||
| 040 |
_aDO-SdBNP _bspa _cDLC _dBNPHU |
||
| 082 |
_a145 _bS586p, 1970 |
||
| 100 | 1 |
_aSilva, Ludovico. _d1937-1988 _q(Luis José Silva Michelena) _935120 |
|
| 245 | 1 | 0 |
_aLa plusvalía ideológica / _cLudovico Silva ; prólogo de Juan Nuño. |
| 250 | _a3a ed. | ||
| 260 |
_aCaracas, (Venezuela) : _bUniversidad Central de Venezuela, _c1970. |
||
| 300 |
_a270 p. ; _c16 cm. |
||
| 490 | 1 |
_aAvance _v30 |
|
| 490 | 1 | _aEdiciones de la Biblioteca | |
| 650 | 0 |
_aIdeología _99534 |
|
| 650 | 4 |
_aFilosofía _xEnsayos, conferencias, etc. _933791 |
|
| 650 | 4 |
_aPercepción _935121 |
|
| 700 | 1 |
_aNuño, Juan _epról. _935122 |
|
| 830 | 0 |
_aAvance , _pEdiciones de la Biblioteca ; _v30 _935123 |
|
| 910 | _aCatalogación derivada | ||
| 049 | _aBNGR | ||
| 999 |
_c15121 _d15121 |
||